Business Edexcel A level (Record no. 4068)

MARC details
005 - DATE AND TIME OF LATEST TRANSACTION
control field 20250614090732.0
020 ## - INTERNATIONAL STANDARD BOOK NUMBER
International Standard Book Number 978-1-4718-4776-9
082 ## - DEWEY DECIMAL CLASSIFICATION NUMBER
Classification number 650 MAR
100 ## - MAIN ENTRY--PERSONAL NAME
Author name MARCOUSE, I.
245 ## - TITLE STATEMENT
Title Business Edexcel A level
260 ## - PUBLICATION, DISTRIBUTION, ETC.
Place of publication, distribution, etc. New York
Name of publisher, distributor, etc. Hoddder Education
Date of publication, distribution, etc. 2015.
300 ## - PHYSICAL DESCRIPTION
Extent vi, 327p.; ill.; figures
Other physical details Index
Dimensions 27cm
700 ## - ADDED ENTRY--PERSONAL NAME
Other authors/Editors Andrew Hammond
700 ## - ADDED ENTRY--PERSONAL NAME
Other authors/Editors Nigel Watson
942 ## - ADDED ENTRY ELEMENTS (KOHA)
Source of classification or shelving scheme Dewey Decimal Classification
Koha item type Books
Holdings
Date last seen Total checkouts Full call number Barcode Cost, replacement price Price effective from Koha item type Lost status Source of classification or shelving scheme Damaged status Not for loan Withdrawn status Home library Current library Shelving location Date acquired Source of acquisition Cost, normal purchase price
06/14/2025   650 MAR MZA0001041 40500.00 06/14/2025 Books   Dewey Decimal Classification       CBE Mwanza CBE Mwanza General Collection 01/14/2024 Donation from TLSB 13500.00